| 000 | 00527nam a2200157Ia 4500 | ||
|---|---|---|---|
| 008 | 150223s9999 xx 000 0 und d | ||
| 020 | _a9710868586 | ||
| 050 |
_aPN 4121 _b.M385 2002 |
||
| 100 | _aMartinez, Norma D. | ||
| 245 |
_aResponsible speech communication / _cNorma D. Martinez. |
||
| 250 | _aRevised Ed. | ||
| 260 |
_aMandaluyong, Philippines : _bCacho Hermanos Inc. , _c2002 |
||
| 300 |
_a200 pages : _bIllustration ; _c21 cm. |
||
| 504 | _aIncludes appendices, glossary and Index. | ||
| 650 |
_aCommunication _xSpeech |
||
| 999 |
_c283305 _d283305 |
||